000 00662nam a22001937a 4500
003 OSt
005 20251127144536.0
008 251127b |||||||| |||| 00| 0 eng d
020 _a978-621415-043-4
040 _aDWCL - Main
_cOC
082 _aFil. 899.211 B265t 2016
100 _aBaronda, Andrew John C.
245 _a21st century literature from the Philippines and the world /
_cAndrew John C. Baronda
260 _aPasay City, Philippines:
_bJFS Publishing Services,
_cc2016.
300 _aiv, 253 pages:
_billustrations;
_c25 cm.
504 _aIncludes bibliographical references.
650 _a1. Philippine literature
942 _2ddc
_cBK - FIL
_kFil
_n0
999 _c6482
_d6482